Представление документа в формате RUSMARC

ПолеНазваниеЗначение
  Тип записи a
  Библиографический уровень m
001 Контрольный номер RU/REG73/CBS_GRAD/659d17b1212b43a5beda9caf746597e1
005 Дата корректировки 20260402114718.7
010 Индекс ISBN __
a ISBN
b Уточнения в пер.
d Цена
9 Тираж 50 000 экз.
100 Данные общей обработки __
a Данные общей обработки 20240329d1981 |||y0rusy0189 ##ca
101 Язык документа 0_
a Язык текста rus
102 Страна публикации __
a Страна публикации RU
105 Кодированные данные (монография) __
a Кодированные данные (монография) y z 000zy
181 Поле кодированных данных: вид содержания _1
a Код вида содержания (ISBD) i#
b Код характеристики содержания (ISBD) #xxe##
d i
g x
h x
i e
182 Поле кодированных данных: тип средства _1
a Код типа средства (ISBD) n
200 Заглавие и сведения об ответственности 1_
a Заглавие Слово о книге
e Сведения, относящиеся к заглавию Афоризмы, изречения, литературные цитаты
g Последующие сведения об ответственности составитель, автор предисл., введения к главам Е. С. Лихтенштейн
g Последующие сведения об ответственности редактор В. Ларина
w
203 Вид содержания и тип средства __
a Вид содержания Текст
b Характеристика содержания визуальный
c Тип средства непосредственный
210 Выходные данные 1_
a Место издания Москва
c Издательство Книга
d Дата издания 1984
215 Физическое описание __
a Объем 559 с.
c Иллюстрации/тип воспроизводства ил.
d Формат 17 см.
320 Библиография __
a Библиография авторский указатель
606 Тематические рубрики 0_
a Основная рубрика Книговедение
610 Ключевые слова 0_
a Ключевые слова значение книги
a Ключевые слова книговедение
a Ключевые слова пропаганда книги
a Ключевые слова афоризмы о книге
a Ключевые слова заметки о чтении
686 Индексы других классификаций __
a Классификационный индекс 76.1
2 Код системы rubbk
702 Вторичная интеллектуальная ответственность _1
a Фамилия Лихтенштейн
b Имя (инициалы) Е. С.
4 Код отношения 220
4 Код отношения 080
g Полное личное имя Ефим Семенович
702 Вторичная интеллектуальная ответственность _1
a Фамилия Ларина
b Имя (инициалы) В.
4 Код отношения 340
801 Источник записи _0
a Страна RU
b Организация RuCBSGrad
c Дата составления 20260402
g Правила каталогизации RCR
801 Источник записи _1
a Страна RU
b Организация RuCBSGrad
c Дата составления 20260402
g Правила каталогизации RCR
852 Данные о местонахождении __
a Наименование организации МБУК "ЦБС г. Димитровграда"
z Тип записи R
899 Данные о местонахождении __
i Авторский знак С 48
901 Тип документа __
t Тип документа m
909 Создатель записи __
a Создатель записи Гонюкова
b Дата создания записи 20260402